000 01961cam a22005174i 4500
003 PE-LiUPU
005 20250731173523.0
008 150616 1996 miua rb eng
020 _a0801020689
035 _a(Sirsi) i9780801020681
035 _a(Sirsi) 18851
035 _a(Sirsi) 18851
082 0 4 _a266.02301
_bL67
100 1 _aLingenfelter, Sherwood,
_eautor.
245 1 0 _aAgents of Transformation :
_ba guide for effective cross-cultural ministry /
_cSherwood, Lingenfelter.
264 1 _aMichigan :
_bBaker Books,
_c1996
300 _a282 páginas :
_bilustraciones ;
_c23 centímetros
336 _atext
_2rdacontent
337 _aunmediated
_2rdamedia
338 _avolume
_2rdacarrier
500 _aing. 42123: 08e97
504 _aIncluye bibliografía
505 0 _aA guide for effective cross-cultural ministry -- Undesrtanding social environment -- Labor interests and cultural bias -- Family authority and cultural bias.
526 _aSEG42
526 _aSEG41
526 _aSEG40
526 _aSEG39
526 _aP94
526 _aP87
526 _aP86
526 _aP85
526 _aP77
526 _aP76
526 _aP35
650 1 4 _aMisiones
_xAspectos Astropologicos.
650 2 4 _aComunicación intercultural
_xAspectos religiosos
_xCristianismo.
650 2 4 _aCristianismo y cultura.
_91358
942 _2ddc
_cBOOK
949 _a266.02301 L67
_i42123
_lPOSTGRADO
_mBUL
_tLIBRO
_o.STAFF. Posgrado
859 _q42123
_h266.02301
_iL67
910 _aaj-op
596 _a1
999 _a266.02301 L67
_wDEWEY
_c59816
_i45215
_d59816
_f2021-11-10
_g5
_lCCODEBUL1
_mBUL
_p14.27
_q2
_r0
_sY
_tBOOK
_u2015-4-23
_xTEOLOGIA
_PP35
_0COMPRA
_o.STAFF. Colección Teología
999 _a266.02301 L67
_wDEWEY
_c2
_i42123
_d2017-5-8
_e2017-4-30
_f2021-11-10
_g5
_lCCODEBUL1
_mBUL
_n2
_q1
_r0
_sY
_tBOOK
_u2015-6-16
_xTEOLOGIA
_PP35
_0COMPRA
_o.STAFF. Colección Teología
980 _81
_gALBERTO SANCHEZ Responsable de Automatización